| 000 | 00891cam a22002171 4500 | ||
|---|---|---|---|
| 001 | sa 67000794 | ||
| 003 | DLC | ||
| 005 | 20260227112317.0 | ||
| 008 | 940621s1965 io 000 0 ind | ||
| 010 | _asa 67000794 | ||
| 025 | _aPL480:Indo-2634 | ||
| 035 | _a(OCoLC)30638711 | ||
| 040 |
_aDLC _cCU _dDLC |
||
| 042 | _apremarc | ||
| 050 | 0 | 0 |
_aJQ779.A55 _bA85 |
| 245 | 0 | 0 |
_aJang tak terpadamkan (Kumpulan tjerita pendek); _bmenjambut ulangtahun ke-45 PKI. |
| 260 |
_aDjakarta, _bJajasan "Pembaruan," _c1965. |
||
| 300 |
_a113 p. _c21 cm. |
||
| 505 | 0 | _aPaman Martil, oleh P. A. Toer.--Guruh, oleh A. K. Ibrahim.--Komunis pertama, oleh T. Iskandar A. S.--Tjatatan seorang pradjurit, oleh Mara L.P.--Peristiwa 19 Desember 48, oleh B. S. Dewantoro.--Anak desa, oleh Sugiarti.--Dia seorang lelaki, oleh H. S. Muljana I. W.--Terkepung, oleh Zubir A. A. | |
| 710 | 2 | _aPartai Komunis Indonesia. | |
| 999 |
_c72216 _d72216 |
||